Statistics for NFL Players you didn't know played for the Chiefs

Click here to take the quiz!

General Stats

  • This quiz has been taken 28 times
  • The average score is 4 of 14

Answer Stats

Pos.Known ForPlayer% Correct
QBSFFJoe Montana
88%
CBNYJDarrelle Revis
65%
RBPHI and BUFLeSean McCoy
62%
RBPITLe'Veon Bell
46%
SSFFRonnie Lott
38%
OLBBALTerrell Suggs
38%
CBNEPTy Law
35%
KNOSMorten Anderson
31%
RBLARMarcus Allen
23%
QBHOUWarren Moon
12%
WRNYGAmani Toomer
4%
CPITMike Webster
4%
DTOAKChester McGlockton
0%
TEGBPPaul Coffman
0%

Score Distribution

Percentile by Number Answered

Percent of People with Each Score

Your Score History

You have not taken this quiz